000 00512nam a2200181Ia 4500
008 210210b1986 xxu||||| |||| 00| 0 eng d
020 _a0 07 099697 0
082 _a621.3880028 ZBAB
100 _aZBAR (Paul B)
245 _aBasic television theory and servicing: a text lab manual. Ed.3
250 _a
260 _aND
_bTata McGraw-Hill Publishing Company Ltd.
_c1986
300 _axv,303
650 _aTelevision theory servicing
690 _aTelevision
700 _aORNE (Peter W).
906 _a039317
999 _c89536
_d89536